000 00888nam a22002657a 4500
001 00555
003 DO-SdBNP
005 20220602094215.0
007 00555
008 160620b1996 mx ||| 00| 0 spa d
020 _a9789688806111
040 _aBPMSU
_bspa
_cBPMSU
082 _a005.3
_bB923h 1996
_222
100 1 _aMaarmel, Elaine
245 1 _aHágalo usted mismo con excel para windows 95 /
_cElaine Marmel, Lisa Bucki, Ed Guilford ; traducción Rebeca Alicia Sánchez López
260 _aMéxico :
_bPrentice-Hall Hispanoamericana,
_c1996.
300 _aix, 556 p. :
_bil. ;
_c28 cm.
534 _aTítulo original :
_tThe big basic book of excel for windows 95.
650 4 _aMicrosoft Excel (archivo de computadora)
_vManuales.
700 1 _aBucki, Lisa
700 1 _aGuilford, Ed
700 1 _aSánchez López, Rebeca Alicia,
_etr.
910 _aVMateo V.
942 _2ddc
_cBK
999 _c10451
_d10451